| 000 | 00417nam a2200157Ia 4500 | ||
|---|---|---|---|
| 008 | 120928t1995 xxu||||| |||| 00| 0 sin d | ||
| 041 | _asin | ||
| 080 |
_a8 S [3-053.2] (Youth) _bSED |
||
| 245 | _aඅලුත් යහළුවෝ | ||
| 246 | _aAluth Yahaluwo | ||
| 260 |
_aSara Publishers _aKottawa _c1995 |
||
| 300 | _b96p, ill, 18 cm | ||
| 942 | _cBK | ||
| 999 |
_c39921 _d39921 |
||
| 003 | LK-CoDNM | ||
| 040 |
_aLK-CoDNM _dLK-CoDNM _eLK-CoDNM |
||